La horma de su zapato

Shranjeno v:
Bibliografske podrobnosti
Glavni avtor: Castro Fernández, Alfredo
Format: Knjiga
Jezik:Undetermined
Izdano: San José, Costa Rica Trejos Hermanos 1938
Teme:
Oznake: Označite
Brez oznak, prvi označite!

MARC

LEADER 00000nam a2200000Ia 4500
008 170316s9999 xx 000 0 und d
040 |a cru BVZT 
090 |a 868 C-10h 
100 |a Castro Fernández, Alfredo  |9 525 
245 |a La horma de su zapato  |c / Alfredo Castro Fernández 
260 |a San José, Costa Rica  |b Trejos Hermanos  |c 1938 
300 |a 43páginas 
650 |a LITERATURA COSTARRICENSE  |9 17 
999 |c 10783  |d 10783 
942 |c 15 D  |h 868 C-10h  |2 z